Top 50 US music artists EVER (albums) with a B in their name - Statistics

General Stats
  • This quiz has been taken 55 times
  • The average score is 3 of 13
Answer Stats
Position Answer % Correct
1 The Beatles
94%
45 Bob Dylan
41%
15 Bruce Springsteen
35%
43 Backstreet Boys
31%
47= Britney Spears
27%
7 Billy Joel
24%
47= Bon Jovi
18%
2 Garth Brooks
18%
31 Bob Seger and the Silver Bullet Band
8%
12 Barbra Streisand
6%
29 Alabama
2%
36 Reba McEntire
2%
47= Dave Matthews Band
0%
No matching quizzes found
Score Distribution
Percent of People with Each Score
Percentile by Number Answered
Your Score History
You have not taken this quiz